ALA cataloguing rules for author and title entries (Record no. 33429)

MARC details
000 -LEADER
fixed length control field 00282nam a2200109Ia 4500
082 ## - DEWEY DECIMAL CLASSIFICATION NUMBER
Classification number 025.3(083)
Item number AME
245 #0 - TITLE STATEMENT
Title ALA cataloguing rules for author and title entries
250 ## - EDITION STATEMENT
Edition statement Ed.2
260 ## - PUBLICATION, DISTRIBUTION, ETC. (IMPRINT)
Place of publication Chicago
Name of publisher ALA
Year of publication 1949
942 ## - ADDED ENTRY ELEMENTS (KOHA)
Koha item type Books
Holdings
Withdrawn status Lost status Damaged status Not for loan Home library Current library Date acquired Full call number Accession Number Koha item type
        RRII Library RRII Library 16/12/2021 025.3(083) AME 13926 Books